Anniversaire personnages d'animés - Statistiques

Statistiques générales
  • Ce quiz a été pris 11 fois
  • Le résultat moyen est 5 sur 15
Statistiques - réponses
Personnages Anniversaires % Correct
Monkey.D.Luffy 5 Mai
70%
Portgas.D.Ace 1 Janvier
60%
Roronoa Zoro 11 Novembre
50%
Izuku Midoryia 15 Juillet
40%
Son Gohan 18 Mai
30%
Katsuki Bakugo 20 Avril
30%
Megumi 22 Decembre
30%
Ochaco Uraraka 27 Decembre
30%
Vinsmoke Sanji 2 Mars
30%
Son Goku 16 Avril
20%
Végéta 18 Août
20%
Bulma 18 Août
20%
Yuji Itadori 20 Mars
20%
Nico Robin 6 Février
20%
Saitama 12 Septembre
0%
Aucun quiz correspondant
Distribution des résultats
% des personnes avec chaque résultat
Percentile par nombre de réponses
Votre historique - résultats
Vous n’avez pas pris ce quiz